[Event "Vidin Balkan Amateur op 5th"]
[Site "Vidin"]
[Date "2014.08.27"]
[Round "5"]
[White "Milchev, Miroslav"]
[Black "Danov, Lyubomir"]
[Result "1/2-1/2"]
[WhiteElo "2132"]
[BlackElo "2221"]
[PlyCount "83"]
[EventDate "2014.08.23"]
[EventType "swiss"]
[EventRounds "9"]
[EventCountry "BUL"]
[SourceTitle "CBM 162 Extra"]
[Source "ChessBase"]
[SourceDate "2014.10.17"]
[SourceVersion "1"]
[SourceVersionDate "2014.10.17"]
[SourceQuality "1"]

1. d4 Nf6 2. c4 g6 3. Nc3 Bg7 4. e4 d6 5. Nf3 0-0 6. Be2 c5 7. 0-0 Nc6 8. d5 Na5 9. e5 dxe5 10. Nxe5 Ne8 11. f4 Nd6 12. b3 f6 13. Nd3 b6 14. Bb2 Bd7 15. Kh1 Rc8 16. Re1 Nab7 17. Qd2 a6 18. Nf2 b5 19. cxb5 axb5 20. Nce4 Bh8 21. Rac1 c4 22. Nxd6 Nxd6 23. Bg4 Nf5 24. bxc4 Rxc4 25. Rxc4 bxc4 26. Ba3 Re8 27. Ne4 Bg7 28. Rc1 Qa8 29. Bb4 Bb5 30. Nc3 Bd7 31. Re1 Qd8 32. a4 Qc7 33. Bxf5 gxf5 34. Rxe7 Qb6 35. Rxe8+ Bxe8 36. Nb5 Bxb5 37. axb5 Qxb5 38. h3 Kf7 39. Kh2 Bh6 40. d6 Bxf4+ 41. Qxf4 Qxb4 42. d7 1/2-1/2

[Event "Vidin Balkan Amateur op 5th"]
[Site "Vidin"]
[Date "2014.08.25"]
[Round "3"]
[White "Milchev, Miroslav"]
[Black "Ustianovich, Nazar"]
[Result "1/2-1/2"]
[WhiteElo "2132"]
[BlackElo "2263"]
[PlyCount "92"]
[EventDate "2014.08.23"]
[EventType "swiss"]
[EventRounds "9"]
[EventCountry "BUL"]
[SourceTitle "CBM 162 Extra"]
[Source "ChessBase"]
[SourceDate "2014.10.17"]
[SourceVersion "1"]
[SourceVersionDate "2014.10.17"]
[SourceQuality "1"]

1. e4 c6 2. d4 d5 3. Nd2 dxe4 4. Nxe4 Bf5 5. Ng3 Bg6 6. h4 h6 7. Nf3 Nf6 8. Ne5 Bh7 9. Bc4 e6 10. Qe2 Nd5 11. c3 Nd7 12. f4 Be7 13. Qg4 Rg8 14. Bd2 N7f6 15. Qf3 Nd7 16. h5 Qc7 17. 0-0-0 Rf8 18. Qg4 Bf6 19. Qe2 0-0-0 20. Ne4 Be7 21. Bd3 f6 22. Nxd7 Nxf4 23. Bxf4 Qxf4+ 24. Qd2 Qxd2+ 25. Nxd2 Bxd3 26. Nxf8 Bxf8 27. Rhe1 Bf5 28. Ne4 Kd7 29. Re3 Bh7 30. b4 b6 31. Rde1 Ke8 32. Nf2 Bg8 33. Nd3 Bd6 34. Kb2 Bc7 35. g4 Rd5 36. Re4 Kd7 37. Nf4 Bxf4 38. Rxf4 Bh7 39. Rf2 Bd3 40. Kb3 b5 41. a4 Bc4+ 42. Ka3 Rg5 43. axb5 Rxg4 44. bxc6+ Kxc6 45. b5+ Kxb5 46. Rb1+ Kc6 1/2-1/2

[Event "Blagoevgrad op"]
[Site "Blagoevgrad"]
[Date "2013.09.30"]
[Round "4"]
[White "Grapsa, Georgia"]
[Black "Milchev, Miroslav"]
[Result "1/2-1/2"]
[WhiteElo "2013"]
[BlackElo "2173"]
[PlyCount "83"]
[EventDate "2013.09.28"]
[EventType "swiss"]
[EventRounds "9"]
[EventCountry "BUL"]
[SourceTitle "CBM 156 Extra"]
[Source "ChessBase"]
[SourceDate "2013.10.22"]
[SourceVersion "1"]
[SourceVersionDate "2013.10.22"]
[SourceQuality "1"]

1. d4 Nf6 2. Nf3 g6 3. g3 Bg7 4. Bg2 0-0 5. Nbd2 d5 6. 0-0 c6 7. c4 Bf5 8. Nh4 Bc8 9. Qc2 dxc4 10. Qxc4 e5 11. dxe5 Ng4 12. Ne4 Nxe5 13. Qb3 Qb6 14. Be3 Qxb3 15. axb3 Na6 16. Nd6 Ng4 17. Bg5 Bxb2 18. Rxa6 bxa6 19. Bxc6 Rb8 20. Be7 Rb6 21. Bd5 Rd8 22. Bxf7+ Kg7 23. Nc4 Rd7 24. Nxb6 axb6 25. Be6 Rc7 26. Bxc8 Rxc8 27. h3 Nf6 28. Rd1 Re8 29. Bxf6+ Bxf6 30. Rd7+ Kh6 31. Nf3 Rxe2 32. Rd6 Be7 33. Rxb6 Bc5 34. Rc6 Bxf2+ 35. Kf1 Rb2 36. g4 Be3 37. Ke1 Rxb3 38. Rxa6 Bc5 39. Rf6 Kg7 40. g5 h6 41. h4 hxg5 42. hxg5 1/2-1/2

[Event "EU-Cup 27th"]
[Site "Rogaska Slatina"]
[Date "2011.09.29"]
[Round "5"]
[White "Danchevski, Orce"]
[Black "Milchev, Miroslav"]
[Result "0-1"]
[WhiteElo "2398"]
[BlackElo "2169"]
[PlyCount "114"]
[EventDate "2011.09.25"]
[EventType "team-swiss"]
[EventRounds "7"]
[EventCountry "SLO"]
[SourceTitle "CBM 145"]
[Source "ChessBase"]
[SourceDate "2011.11.11"]
[SourceVersion "1"]
[SourceVersionDate "2011.11.11"]
[SourceQuality "1"]
[WhiteTeam "Gambit Asseco See"]
[BlackTeam "Naiden Voinov"]
[WhiteTeamCountry "MKD"]
[BlackTeamCountry "BUL"]

1. e4 e6 2. d4 d5 3. Nc3 dxe4 4. Nxe4 Bd7 5. Nf3 Bc6 6. Bd3 Nd7 7. 0-0 Ngf6 8. Nxf6+ Qxf6 9. c3 Bxf3 10. Qxf3 Qxf3 11. gxf3 Bd6 12. Be3 0-0 13. Rad1 c6 14. Kg2 Rfd8 15. Bg5 Re8 16. h4 Nb6 17. c4 Be7 18. b3 Rad8 19. Be2 h6 20. Bxe7 Rxe7 21. Rd3 Red7 22. Rfd1 Nc8 23. f4 Ne7 24. Bg4 Ng6 25. Kg3 Ne7 26. Kf3 Kf8 27. Ke3 h5 28. Bxh5 Nf5+ 29. Ke4 Nxh4 30. Be2 Ke7 31. a4 a5 32. Bf1 Kf6 33. Bh3 g6 34. Ke3 Nf5+ 35. Ke4 Ne7 36. Bg4 b6 37. Ke3 Rd6 38. Bh3 c5 39. Bg4 Nc6 40. d5 Nb4 41. Bf3 Nxd3 42. Rxd3 Rh8 43. Bg2 Rh2 44. Kf3 exd5 45. cxd5 Kf5 46. Re3 Rxd5 47. Kg3 Rxg2+ 48. Kxg2 Rd4 49. Re7 f6 50. Rb7 Rb4 51. Kg3 Rxb3+ 52. f3 Rb4 53. Rb8 c4 54. Rb7 c3 55. Rc7 Rxa4 56. Rxc3 Rxf4 57. Rb3 Rb4 0-1

[Event "EU-Cup 27th"]
[Site "Rogaska Slatina"]
[Date "2011.09.28"]
[Round "4"]
[White "Milchev, Miroslav"]
[Black "Khmelniker, Ilya"]
[Result "0-1"]
[WhiteElo "2169"]
[BlackElo "2518"]
[PlyCount "86"]
[EventDate "2011.09.25"]
[EventType "team-swiss"]
[EventRounds "7"]
[EventCountry "SLO"]
[SourceTitle "CBM 145"]
[Source "ChessBase"]
[SourceDate "2011.11.11"]
[SourceVersion "1"]
[SourceVersionDate "2011.11.11"]
[SourceQuality "1"]
[WhiteTeam "Naiden Voinov"]
[BlackTeam "Beer Sheva"]
[WhiteTeamCountry "BUL"]
[BlackTeamCountry "ISR"]

1. d4 Nf6 2. c4 g6 3. Nc3 d5 4. Nf3 Bg7 5. Bg5 Ne4 6. cxd5 Nxg5 7. Nxg5 e6 8. Nf3 exd5 9. e3 a5 10. Rc1 0-0 11. Bd3 c6 12. 0-0 Be6 13. a3 Nd7 14. b4 Qe7 15. Qb3 axb4 16. Qxb4 Qxb4 17. axb4 Ra3 18. Nd2 Rfa8 19. Be2 Bf8 20. b5 c5 21. Bf3 cxd4 22. Nxd5 dxe3 23. Nxe3 Nc5 24. Ne4 Nxe4 25. Bxe4 Rb8 26. Rfd1 Rb3 27. Rb1 Rxb1 28. Rxb1 b6 29. Bd5 Re8 30. Kf1 Bc5 31. Bxe6 Rxe6 32. Nd5 Kg7 33. Nc3 Bd4 34. Na4 Kf6 35. Nb2 Ke5 36. Nd3+ Ke4 37. Nb4 Bc3 38. Nc2 Kd3 39. Ne3 Rxe3 40. fxe3 Kc2 41. Re1 Bxe1 42. Kxe1 Kd3 43. Kf2 Kc4 0-1

[Event "EU-Cup 27th"]
[Site "Rogaska Slatina"]
[Date "2011.09.27"]
[Round "3"]
[White "Milchev, Miroslav"]
[Black "Meessen, Rudolf"]
[Result "1/2-1/2"]
[WhiteElo "2169"]
[BlackElo "2278"]
[PlyCount "199"]
[EventDate "2011.09.25"]
[EventType "team-swiss"]
[EventRounds "7"]
[EventCountry "SLO"]
[SourceTitle "CBM 145"]
[Source "ChessBase"]
[SourceDate "2011.11.11"]
[SourceVersion "1"]
[SourceVersionDate "2011.11.11"]
[SourceQuality "1"]
[WhiteTeam "Naiden Voinov"]
[BlackTeam "Eupen Rochade"]
[WhiteTeamCountry "BUL"]
[BlackTeamCountry "BEL"]

1. e4 e6 2. d4 d5 3. Nd2 Nc6 4. Ngf3 Nf6 5. e5 Nd7 6. Bd3 Nb4 7. Be2 c5 8. c3 Nc6 9. 0-0 Be7 10. Re1 g5 11. h3 h5 12. Nf1 g4 13. hxg4 hxg4 14. N3h2 cxd4 15. cxd4 Qb6 16. Nxg4 Qxd4 17. Bb5 Rh4 18. Bxc6 Qxd1 19. Bxd7+ Bxd7 20. Rxd1 Rxg4 21. Be3 Bc6 22. f3 Rg6 23. Kf2 Kd7 24. g4 f6 25. Bd4 fxe5 26. Bxe5 Rf8 27. Kg3 Bd6 28. Bxd6 Kxd6 29. Ne3 e5 30. Rd3 d4 31. Nc4+ Kd5 32. Nd2 Bb5 33. Rb3 Ba6 34. Rc1 Rf7 35. Ra3 Bb5 36. Rxa7 Rc6 37. Re1 Ba6 38. Ra8 Rc2 39. Rd8+ Kc6 40. Nb3 Be2 41. Rc8+ Rc7 42. Re8 d3 43. Rxe5 Rd7 44. g5 d2 45. Nxd2 Rdxd2 46. g6 Bc4 47. Kf4 Bxa2 48. b4 Rg2 49. Rg5 Bd5 50. Rc1 Rxc1 51. Rxg2 Rc4+ 52. Ke5 Rxb4 53. g7 Bg8 54. Rh2 Rb5+ 55. Kf6 Rb3 56. f4 Rg3 57. Rc2+ Kd6 58. Rd2+ Bd5 59. Rh2 Kc5 60. Rc2+ Kd4 61. Rb2 Kc5 62. Rc2+ Kd4 63. Rb2 Kc3 64. Rb6 Rg2 65. f5 Kd4 66. Rb1 Kc5 67. Rc1+ Kb6 68. Ke5 Bg8 69. f6 Re2+ 70. Kf4 Re8 71. Rh1 Kc6 72. Rh8 Kd7 73. Rxg8 Rxg8 74. f7 Rxg7 75. f8Q Re7 76. Qf5+ Kc7 77. Qc5+ Kd7 78. Qb4 Kd8 79. Kf5 Rc7 80. Qf8+ Kd7 81. Ke5 Rc6 82. Qb8 Rb6 83. Kd5 Rb1 84. Qg3 Rb5+ 85. Kc4 Rb6 86. Kc5 Rc6+ 87. Kb5 Kc8 88. Qg8+ Kc7 89. Qf7+ Kb8 90. Qh7 Ka7 91. Qh2 Ka8 92. Qa2+ Kb8 93. Qa5 Rc8 94. Qb6 Rc6 95. Qd8+ Rc8 96. Qd6+ Ka7 97. Qd7 Kb8 98. Kb6 Rc6+ 99. Qxc6 bxc6 100. Kxc6 1/2-1/2

[Event "Kula op"]
[Site "Kula"]
[Date "2010.05.10"]
[Round "3"]
[White "Spassov, Liuben"]
[Black "Milchev, Miroslav"]
[Result "1/2-1/2"]
[WhiteElo "2421"]
[BlackElo "2200"]
[PlyCount "54"]
[EventDate "2010.05.08"]
[EventType "swiss"]
[EventRounds "7"]
[EventCountry "BUL"]
[SourceTitle "CBM 136 Extra"]
[Source "ChessBase"]
[SourceDate "2010.07.02"]
[SourceVersion "2"]
[SourceVersionDate "2010.07.15"]
[SourceQuality "1"]

1. d4 Nf6 2. c4 e6 3. Nf3 d5 4. g3 Bb4+ 5. Bd2 Be7 6. Bg2 0-0 7. Qc2 Nbd7 8. 0-0 c6 9. Rd1 b6 10. b3 Bb7 11. Nc3 c5 12. cxd5 Nxd5 13. e4 Nb4 14. Qb1 cxd4 15. Nxd4 Qc8 16. Nce2 Ne5 17. Bc3 Qc5 18. a3 Nbc6 19. Qb2 Ng4 20. Rac1 Qxa3 21. Qd2 Rfd8 22. Qf4 e5 23. Qxg4 exd4 24. Ba1 Bf8 25. Qf4 Bd6 26. Qg4 Be7 27. Qf4 Bd6 1/2-1/2

[Event "Vidin op"]
[Site "Vidin"]
[Date "2009.10.24"]
[Round "3"]
[White "Galunov, Todor"]
[Black "Milchev, Miroslav"]
[Result "1-0"]
[WhiteElo "2377"]
[BlackElo "2200"]
[PlyCount "27"]
[EventDate "2009.10.23"]
[EventType "swiss"]
[EventRounds "7"]
[EventCountry "BUL"]
[SourceTitle "EXT 2010"]
[Source "ChessBase"]
[SourceDate "2010.11.25"]
[SourceVersion "1"]
[SourceVersionDate "2010.11.25"]
[SourceQuality "1"]

1. Nf3 Nf6 2. g3 b6 3. Bg2 Bb7 4. 0-0 e6 5. c4 Be7 6. d4 0-0 7. d5 exd5 8. Nd4 c6 9. cxd5 Nxd5 10. Nf5 Bf6 11. Re1 Ne7 12. Nd6 Qc7 13. Nxb7 Qxb7 14. e4 1-0

[Event "Vidin op"]
[Site "Vidin"]
[Date "2009.10.24"]
[Round "5"]
[White "Stoinev, Metodi"]
[Black "Milchev, Miroslav"]
[Result "0-1"]
[WhiteElo "2290"]
[BlackElo "2200"]
[PlyCount "63"]
[EventDate "2009.10.23"]
[EventType "swiss"]
[EventRounds "7"]
[EventCountry "BUL"]
[SourceTitle "EXT 2010"]
[Source "ChessBase"]
[SourceDate "2010.11.25"]
[SourceVersion "1"]
[SourceVersionDate "2010.11.25"]
[SourceQuality "1"]

1. e4 c5 2. Nf3 Nc6 3. Nc3 g6 4. d4 cxd4 5. Nxd4 Bg7 6. Be3 d6 7. Bc4 Nf6 8. h3 0-0 9. Bb3 Nxd4 10. Bxd4 Be6 11. 0-0 Bxb3 12. axb3 a6 13. Re1 Rc8 14. Re2 Qd7 15. Qd2 Qc6 16. Bxf6 Bxf6 17. Nd5 Rfe8 18. Nxf6+ exf6 19. Rae1 Kg7 20. c3 Rcd8 21. b4 d5 22. Rd1 d4 23. cxd4 Rxe4 24. Rxe4 Qxe4 25. d5 Rd6 26. f3 Qe5 27. Kf2 h5 28. h4 Kh7 29. Qd4 Kg7 30. Rd2 Kf8 31. Qc5 Kg7 32. g3 0-1

[Event "BUL-chT2 58th"]
[Site "Borovetz"]
[Date "2008.10.07"]
[Round "7.1"]
[White "Ivanov, Borislav"]
[Black "Milchev, Miroslav"]
[Result "1-0"]
[WhiteElo "1926"]
[BlackElo "2204"]
[PlyCount "94"]
[EventDate "2008.10.01"]
[EventType "team-swiss"]
[EventRounds "7"]
[EventCountry "BUL"]
[SourceTitle "CBM 126 Extra"]
[Source "ChessBase"]
[SourceDate "2008.11.05"]
[SourceVersion "1"]
[SourceVersionDate "2008.11.05"]
[SourceQuality "1"]

1. d4 d5 2. c4 dxc4 3. Nf3 Nf6 4. e3 e6 5. Bxc4 c5 6. 0-0 Nc6 7. Nc3 Be7 8. dxc5 Qxd1 9. Rxd1 Bxc5 10. b3 Bd7 11. Bb2 Ke7 12. Be2 Rhd8 13. Ng5 Be8 14. Nge4 Bb4 15. Nxf6 Bxc3 16. Bxc3 gxf6 17. Bf3 Rxd1+ 18. Rxd1 Rd8 19. Rxd8 Nxd8 20. Kf1 Bc6 21. Bxc6 Nxc6 22. Ke2 f5 23. Kf3 Kd6 24. Kf4 Ke7 25. Kg5 Kf8 26. Kf6 a6 27. Bd4 Kg8 28. Bc5 b5 29. b4 a5 30. bxa5 Nxa5 31. Bb4 Nc6 32. a3 h6 33. h3 h5 34. h4 Nxb4 35. axb4 Kf8 36. Kg5 Kg7 37. Kxh5 f6 38. g4 Kh7 39. g5 Kg7 40. g6 e5 41. f3 f4 42. exf4 exf4 43. Kg4 Kxg6 44. Kxf4 Kh5 45. Kf5 Kxh4 46. Kxf6 Kg3 47. Ke5 Kxf3 1-0

[Event "Kozloduy op 1st"]
[Site "Kozloduy"]
[Date "2008.06.21"]
[Round "7"]
[White "Dimov, Danail"]
[Black "Milchev, Miroslav"]
[Result "1/2-1/2"]
[WhiteElo "2016"]
[BlackElo "2204"]
[PlyCount "74"]
[EventDate "2008.06.19"]
[EventType "swiss (rapid)"]
[EventRounds "7"]
[EventCountry "BUL"]
[SourceTitle "CBM 125 Extra"]
[Source "ChessBase"]
[SourceDate "2008.09.01"]
[SourceVersion "1"]
[SourceVersionDate "2008.09.01"]
[SourceQuality "1"]

1. d4 d5 2. c4 dxc4 3. Nf3 Nf6 4. e3 e6 5. Bxc4 c5 6. 0-0 Nc6 7. Qe2 cxd4 8. Rd1 Be7 9. exd4 0-0 10. Nc3 b6 11. Ne5 Na5 12. Bd3 Bb7 13. Be3 Rc8 14. Rac1 Nc6 15. Bb1 Nb4 16. a3 Nbd5 17. Bg5 Nxc3 18. bxc3 Bxa3 19. Rc2 Be7 20. Rcc1 g6 21. Bh6 Re8 22. Bd3 Nd5 23. Qf3 f5 24. Bb5 Nxc3 25. Qxb7 Nxd1 26. Rxd1 Rc7 27. Qa6 Bf6 28. Bxe8 Bxe5 29. Qa4 Bxh2+ 30. Kxh2 Qh4+ 31. Kg1 Qxh6 32. Bd7 Kf7 33. Be8+ Kf8 34. Bc6 Qf4 35. Qa3+ Kg7 36. d5 exd5 37. Bxd5 Qe5 1/2-1/2